LEADER 00642nam0 2200217 450 001 000000061 005 20050630115000.0 100 $a--------d1987----km-y0itay50------ba 101 $aita 102 $aIT 200 1 $a<>dottrine finanziarie$easpetti assiomatici e contenuti teorici$fVincenzo Vecchione 210 $aBari$cCacucci$d1987 215 $a122 p.$d24 cm 610 1 $aFinanza$aTeorie 676 $a332.01 700 1$aVecchione,$bVincenzo$0553169 801 0$aIT $bUNIPARTHENOPE $gRICA $2UNIMARC 912 $a000000061 951 $cNAVA1$a332-D/2$b32140.$d20011221 996 $aDottrine finanziarie$9974651 997 $aUNIPARTHENOPE LEADER 00795nam0 2200289 450 001 9910291360503321 005 20221202112851.0 010 $a978-88-7970-798-5 100 $a20181112d2016---- km y0itay50 ba 101 0 $aita 102 $aIT 105 $ay 001yy 200 1 $aAmico museo$eper una museologia dell'accoglienza$fClaudio Rosati 210 $aFirenze$cEdifir$d2016 215 $a326 p.$d24 cm 225 1 $a<> voci del Museo$v36 676 $a069.068$v23$zita 700 1$aRosati$bClaudio$0760134 801 0$aIT$bUNINA$gREICAT$2UNIMARC 901 $aBK 912 $a9910291360503321 952 $a708 VDM 036$b2022/2310$fFLFBC 952 $aROS069.068A$b1684$fDECBC 959 $aFLFBC 959 $aDECBC 996 $aAmico museo$91537529 997 $aUNINA